<The> Ultimate Entrepreneur <The> Story of Ken Olsen and Digital Equipment Corporation

Salvato in:
Dettagli Bibliografici
Autore principale: Rifkin, Glenn
Altri autori: Harrar, George
Natura: Libro
Lingua:inglese
Pubblicazione: Rocklin Prima Publ. and Communications 1990
Edizione:1. ed.
Soggetti:
Tags: Aggiungi Tag
Nessun Tag, puoi essere il primo ad aggiungerne!!

MARC

LEADER 00000nam a2200000 4500
001 c021286
005 20221206122751.6
020 |a 1-55958-022-4 
041 0 |a eng 
044 |a US 
245 1 0 |a <The> Ultimate Entrepreneur  |b <The> Story of Ken Olsen and Digital Equipment Corporation  |c Glenn Rifkin, George Harrar 
250 |a 1. ed. 
264 1 |a Rocklin  |b Prima Publ. and Communications  |c 1990 
300 |a 336 s. 
610 2 0 |a osobnosť 
610 2 0 |a podnikatelia 
610 2 0 |a spoločnosti 
610 2 0 |a podnikanie 
610 2 0 |a priemysel ľahký 
610 2 0 |a prístroje 
610 2 0 |a technika digitálna 
610 2 0 |a USA 
100 1 |a Rifkin, Glenn 
700 1 |a Harrar, George